La consultora en los paises de la ALADI (Registro nro. 6593)

Detalles MARC
000 -LEADER
fixed length control field 01220 a2200205 4500
001 - CONTROL NUMBER
control field 59091
005 - DATE AND TIME OF LATEST TRANSACTION
control field 20260407155845.0
008 - FIXED-LENGTH DATA ELEMENTS--GENERAL INFORMATION
fixed length control field 260407a1984 arg spa d
003 - CONTROL NUMBER IDENTIFIER
control field AR-UNSa-BCEJYS
040 ## - CATALOGING SOURCE
Original cataloging agency AR-UNSa-BCEJYS
Language of cataloging spa
Transcribing agency AR-UNSa-BCEJYS
080 ## - UNIVERSAL DECIMAL CLASSIFICATION NUMBER
Universal Decimal Classification number 339.9
Common auxiliary subdivision Economía internacional en general. Relaciones económicas internacionales. Economía mundial
100 1# - MAIN ENTRY--PERSONAL NAME
Personal name Instituto para la Integración de América Latina (INTAL)
245 10 - TITLE STATEMENT
Title La consultora en los paises de la ALADI
264 #1 - PRODUCTION, PUBLICATION, DISTRIBUTION, MANUFACTURE, AND COPYRIGHT NOTICE
Place of production, publication, distribution, manufacture Buenos Aires :
Name of producer, publisher, distributor, manufacturer BID-INTAL
Date of production, publication, distribution, manufacture, or copyright notice 1984
300 ## - PHYSICAL DESCRIPTION
Extent 247 p.
Dimensions 22 cm.
505 ## - FORMATTED CONTENTS NOTE
Formatted contents note Primera parte: Análisis regional: 1. La regulación de la consultoría en los países de la ALADI – 2. Dimensiones del mercado de consultoría – 3. Encuesta a las firmas consultoras que operan en América del Sur y México (ALADI) – 4. Aspectos de la demanda de servicios de consultoría – Segunda parte: Análisis por país: 5. Argentina – 6. Bolivia – 7. Brasil – 8. Colombia – 9. Chile – 10. Ecuador – 11. México – 12. Paraguay – 13. Perú – 14. Uruguay – 15. Venezuela
590 ## - LOCAL NOTE (RLIN)
Local note niveau_biblio:m niveau_hierar:0
700 1# - ADDED ENTRY--PERSONAL NAME
Personal name Federación Latinoamericana de Asociaciones de Consultores
942 ## - ADDED ENTRY ELEMENTS (KOHA)
Koha item type
Existencias
Withdrawn status Lost status Damaged status Not for loan Home library Current library Shelving location Date acquired Total checkouts Full call number Barcode Date last seen Price effective from Koha item type Public note
        Biblioteca Prof. Eusebio Cleto del Rey Biblioteca Prof. Eusebio Cleto del Rey   07/04/2026   339.9 I59 L44041 07/04/2026 07/04/2026 Libro PRIMERAS 3 HOJAS UN POCO SUELTAS